| 000 | 00798nam a2200253 4500 | ||
|---|---|---|---|
| 001 | 27673 | ||
| 003 | BD-RjUL | ||
| 005 | 20211209051203.0 | ||
| 008 | 140325t1967 mau b 001 0 eng d | ||
| 035 | _a(BD-RjUL)27752 | ||
| 040 |
_aDLC _beng _cDLC _dBD-RjUL |
||
| 041 | _aeng | ||
| 082 | 0 | 4 |
_a972 _bFOT 1967 |
| 100 | 1 |
_aFoster, George M. _q(George McClelland), _d1913-2006 _984998 |
|
| 245 | 1 | 0 |
_aTzintzuntzan : _bMexican peasants in a changing world / _cGeorge M. Foster. |
| 260 |
_aBoston : _bLittle ; _bBrown, _cc1967. |
||
| 300 |
_axii, 372 p. : _bill. ; _c22 cm. |
||
| 504 | _aincludes bibliographical reference and index. | ||
| 650 | 0 |
_aVillages _zMexico _xCase studies _984999 |
|
| 651 | 0 |
_aTzintzuntzan (Mexico) _985000 |
|
| 942 |
_2ddc _cBK |
||
| 999 |
_c27673 _d27673 |
||